000 01033 a2200217 4500
001 48555
005 20260407155750.0
008 260407a1967 arg spa d
003 AR-UNSa-BCEJYS
040 _aAR-UNSa-BCEJYS
_bspa
_cAR-UNSa-BCEJYS
080 _a512.64
_xAlgebra lineal y multilineal
245 1 0 _aElementos de algebra lineal
264 1 _aBarcelona :
_bReverté
_c1967
300 _a409 p.
_c22 cm.
505 _a1. Introducción - 2. Vectores y geometría analítica del espacio - 3. Espacios vectoriales - 4. Espacios euclídeo n-dimensional - 5. Determinantes - 6. Transformaciones lineales y matrices - 7. Conjuntos de transformaciones lineales y matrices - 8. Formas bilineales y cuadráticas - 9. Cuerpo de los números complejos, anillos de polinomios - 10. Valores y vectores característicos de transformaciones lineales - 11. Semejanza de matrices
942 _cBK
590 _aniveau_biblio:m niveau_hierar:0
100 1 _aPaige, Lowell
700 1 _aSwift, J. Dean
700 1 _aRodriguez Vidal, Rafael
999 _c4623
_d4623